000 00814nam0a22002291 4500
001 v19\rc\2105790
005 20260407121940.0
035 _a(NLR Aleph) 005178483
090 _a5117649
_c5117649
100 _a20090914d1827 |||y0rusy50 ca
101 0 _arus
102 _aRU
105 _ay z |||||
200 1 _aПравила для обучения цельной стрельбе из ружья
_fИзданы при Гл. Штабе 1-й Армии
210 _aБ.м.
_cтип. Штаба Гвардейского корпуса
_d1827
215 _a[2], 28 с.
_d18
740 1 _aРоссия
_tВоенные уставы и наставления
_3RU\NLR\AUTH\889957977
_9412039
801 0 _aRU
_bNLR
_gpsbo
801 1 _aRU
_bProSoft-M
_2rusmarc
852 _aNLR
_j18.279.1.374
942 _cBOOK
980 _aNB